000 00393nam a2200157Ia 4500
008 151213s9999 xx 000 0 und d
100 _aMd. Shafiqul Islam
245 _aThe General Clauses Act
_cMd. Shafiqul Islam
250 _a1st
260 _aDhaka
_bShams Publications
_c2006
300 _a3716 p.
650 _aLaw
650 _aLaw
700 _aMd. Shafiqul Islam
999 _c2464
_d2464